| 000 | 00697nam0a22002411 4500 | ||
|---|---|---|---|
| 001 | rc\2890316 | ||
| 005 | 20260407094029.0 | ||
| 035 | _a(NLR Aleph) 007042659 | ||
| 090 |
_a6112660 _c6112660 |
||
| 100 | _a20110725d1928 |||y0rusy50 ca | ||
| 101 | 0 | _arus | |
| 102 | _aRU | ||
| 105 | _ay z ||||| | ||
| 200 | 1 | _aКонституция (основной закон) РСФСР | |
| 210 |
_aСамара _cСамар. горсовет _d1928 |
||
| 215 |
_a32 с. _d16 см |
||
| 740 | 1 |
_aРСФСР _tКонституция _f1925 _3RU\NLR\AUTH\8810051750 _9603827 |
|
| 801 | 0 |
_aRU _bNLR _gpsbo |
|
| 801 | 1 |
_aRU _bELAR _2rusmarc |
|
| 852 |
_aNLR _j67-1/627 |
||
| 942 | _cBOOK | ||
| 980 | _aNB | ||